Tác giả trong nhà trường Nguyễn Công Hoan
Tập hợp nhiều bài viết về cuộc đời, sự nghiệp văn chương Nguyễn Công Hoan. Nghiên cứu, phân tích nghệ thuật viết truyện ngắn
Spremljeno u:
| Glavni autor: | |
|---|---|
| Format: | Knjiga |
| Jezik: | Vietnamese |
| Izdano: |
H.
Nxb Văn học
2006
|
| Serija: | Bộ sách phê bình và bình luận văn học
|
| Teme: | |
| Oznake: |
Dodaj oznaku
Bez oznaka, Budi prvi tko označuje ovaj zapis!
|
| Thư viện lưu trữ: | Mạng thư viện Đại học Đà Nẵng |
|---|
| LEADER | 01292nam a2200337 4500 | ||
|---|---|---|---|
| 001 | 000004241 | ||
| 003 | 372 | ||
| 005 | 20121211001207.0 | ||
| 008 | 110718s2006 viesd | ||
| 020 | |c 25000đ | ||
| 041 | 0 | |a vie | |
| 082 | |a 895.9223 |b NG-H | ||
| 100 | 0 | |a Nguyễn Công Hoan | |
| 245 | 0 | |a Tác giả trong nhà trường Nguyễn Công Hoan |c Nguyễn Công Hoan | |
| 260 | |a H. |b Nxb Văn học |c 2006 | ||
| 300 | |a 230 |c 19cm | ||
| 490 | |a Bộ sách phê bình và bình luận văn học | ||
| 520 | |a Tập hợp nhiều bài viết về cuộc đời, sự nghiệp văn chương Nguyễn Công Hoan. Nghiên cứu, phân tích nghệ thuật viết truyện ngắn | ||
| 653 | |a Nguyễn Công Hoan | ||
| 653 | |a Văn học Việt Nam - Nguyễn Công Hoan, 1903 - 1977 | ||
| 910 | |a Ngô Văn Đường | ||
| OWN | |a LSP | ||
| AVA | |a UDN50 |b LSP |d 895.9223 NG-H |e available |t Error 5001 Not defined in file expand_doc_bib_avail. |f 10 |g 0 |h N |i 0 |k 1 | ||
| 999 | |a From the UDN01 | ||
| AVA | |a UDN50 |b LSP |d 895.9223 NG-H |e available |t Error 5001 Not defined in file expand_doc_bib_avail. |f 10 |g 0 |h N |i 0 |k 1 | ||
| TYP | |a Monograph | ||
| TYP | |a Printed language | ||
| 980 | |a Mạng thư viện Đại học Đà Nẵng | ||